Unstable even-parity eigenmodes of the regular static SU(2) Yang-Mills-dilaton solutions (Запись № 3102473)

Подробности
000 -МАРКЕР
контрольное поле 01909nam0a2200349 4500
001 - ИДЕНТИФИКАТОР ЗАПИСИ
контрольное поле RU\NLR\b_ik\132500
005 - ИДЕНТИФИКАТОР ВЕРСИИ
контрольное поле 20260408180917.0
035 ## - ДРУГИЕ СИСТЕМНЫЕ НОМЕРА
Идентификатор записи (NLR Aleph) 002205845
100 ## - ДАННЫЕ ОБЩЕЙ ОБРАБОТКИ
Данные общей обработки 20050721d2004 k y0rusy50 ca
101 0# - ЯЗЫК РЕСУРСА
Язык текста, звукозаписи и т.д. английский
Язык резюме русский
102 ## - СТРАНА ПУБЛИКАЦИИ ИЛИ ПРОИЗВОДСТВА
Страна публикации российская федерация
105 ## - ПОЛЕ КОДИРОВАННЫХ ДАННЫХ: ТЕКСТОВЫЕ МАТЕРИАЛЫ, МОНОГРАФИЧЕСКИЕ
Кодированные данные о монографическом текстовом документе a |||||||||
200 1# - ЗАГЛАВИЕ И СВЕДЕНИЯ ОБ ОТВЕТСТВЕННОСТИ
Основное заглавие Unstable even-parity eigenmodes of the regular static SU(2) Yang-Mills-dilaton solutions
Первые сведения об ответственности O.I. Streltsova, E.E. Donets, E.A. Hayryan [et al.]
210 ## - ПУБЛИКАЦИЯ, РАСПРОСТРАНЕНИЕ И ДР.
Место издания, распространения и т.д. Дубна
Имя издателя, распространителя и т. д. Изд. отд. Объед. ин-та ядер. исслед.
Дата издания, распространения и т.д. 2004
215 ## - ФИЗИЧЕСКАЯ ХАРАКТЕРИСТИКА
Специфическое обозначение материала и объем 18, [1] с.
Другие сведения о физической характеристике ил.
Размеры 22
225 1# - СЕРИЯ
Основное заглавие серии Объединенный институт ядерных исследований, Дубна
Обозначение тома Е11-2004-151
300 ## - ОБЩИЕ ПРИМЕЧАНИЯ
Текст примечания На 3-й с. обл.: Четные собственные неустойчивые моды регулярных стационарных решений системы взаимодействующих SU(2) Янга-Миллса и дилатонного полей / Стрельцова О.И. и др.
300 ## - ОБЩИЕ ПРИМЕЧАНИЯ
Текст примечания Рез. на рус. яз.
320 ## - ПРИМЕЧАНИЯ О НАЛИЧИИ В ДОКУМЕНТЕ БИБЛИОГРАФИИ / УКАЗАТЕЛЯ
Текст примечания Библиогр. в конце кн. (31 назв.)
517 0# - ДРУГИЕ ВАРИАНТЫ ЗАГЛАВИЯ
Вариант заглавия Четные собственные неустойчивые моды регулярных стационарных решений системы взаимодействующих SU(2) Янга-Миллса и дилатонного полей
606 1# - НАИМЕНОВАНИЕ ТЕМЫ КАК ПРЕДМЕТ
Наименование темы Янга-Миллса теория
Системный номер авторитетной/нормативной записи 1954517
Идентификатор авторитетной/нормативной записи RU\NLR\AUTH\661181826
606 ## - НАИМЕНОВАНИЕ ТЕМЫ КАК ПРЕДМЕТ
Наименование темы Поле (физ.) Янга-Миллса
Тематический подзаголовок Теория
Идентификатор авторитетной/нормативной записи RU\NLR\AUTH\66918801
Системный номер авторитетной/нормативной записи 1999644
686 1# - ИНДЕКСЫ ДРУГИХ КЛАССИФИКАЦИЙ
Индекс В382.1
701 #1 - ИМЯ ЛИЦА - АЛЬТЕРНАТИВНАЯ ОТВЕТСТВЕННОСТЬ
Начальный элемент ввода Strel'cova
Часть имени, кроме начального элемента ввода O. I.
Расширение инициалов личного имени Oksana Ivanovna
Код отношения Автор
701 #1 - ИМЯ ЛИЦА - АЛЬТЕРНАТИВНАЯ ОТВЕТСТВЕННОСТЬ
Начальный элемент ввода Donec
Часть имени, кроме начального элемента ввода E. E.
Расширение инициалов личного имени Evgenij Evgen'evič
Код отношения Автор
701 #1 - ИМЯ ЛИЦА - АЛЬТЕРНАТИВНАЯ ОТВЕТСТВЕННОСТЬ
Начальный элемент ввода Ajrjan
Часть имени, кроме начального элемента ввода É. A.
Расширение инициалов личного имени Édik Artašovič
Код отношения Автор
801 #0 - ИСТОЧНИК ЗАПИСИ
Страна российская федерация
Организация NLR
Дата составления 20050721
Правила каталогизации PSBO
942 ## - ДОПОЛНИТЕЛЬНЫЕ ЭЛЕМЕНТЫ ЗАПИСИ (АБИС)
Тип экземпляра АБИС Книга
980 ## - КОЛЛЕКЦИЯ
Название коллекции Национальная библиография
Экземпляры
Тип экземпляра Дата поступления Источник поступления Библиотека постоянного хранения Библиотека текущего хранения Место хранения Шифр хранения Штрих-код Статус не для выдачи Публичное примечание
Книга 21.07.2005 Обязательный экземпляр РНБ (Московский) РНБ (Московский) Иностранный книжный фонд Ик 2005-6/53 1042033   ;